Starigard, Oldenburg. - Neumünster : Wachholtz [Rezension]

Titel: Starigard, Oldenburg. - Neumünster : Wachholtz [Rezension]
Verfasser:
In: Prähistorische Zeitschrift, Band 87, Heft 1 (2012), Seite 208-210
alle Artikel anzeigen
Veröffentlicht: 2012
Format: Aufsatz
Sprache: Deutsch
Kein Bild verfügbar
X
alg: 39515102
001A    $01999:12-11-16 
001B    $01999:01-06-17 $t18:24:01.000 
001D    $01999:12-11-16 
001U    $0utf8 
001X    $00 
002@    $0Aox 
003@    $0395151023 
007A    $0395151023 $aHEB 
007T    $0Herdc0111069m 
009P    $A2 $3zusätzliche Angaben $uhttp://www.degruyter.com/view/j/prhz.2012.87.issue-1/pz-2012-0011/pz-2012-0011.xml?format=INT 
010@    $ager 
011@    $a2012 
021A    $a@Starigard, Oldenburg. - Neumünster : Wachholtz [Rezension] 
028A    $#Biermann, Felix Paul $7121636062 $8Biermann, Felix$Z1969- [Tp3] $9152974318 
031A    $d87 $e1 $h208-210 $j2012 
039B    $aIn $8--Abvc--. Prähistorische Zeitschrift. - Berlin {[u.a.] : de Gruyter, 1909-. - ISSN 0079-4848 $x201200000870001792 $9047249722 
039T    $8--Acuc--. @Starigard, Oldenburg. - Neumünster : Wachholtz $902171908X 
045T    $a6,11 

lok: 39515102 78

exp: 39515102 78 1 #EPN
201B/01 $018-11-16 $t13:54:14.000 
201U/01 $0utf8 
203@/01 $0791450074 
208@/01 $a12-11-16 $be 
209A/01 $a/ $f000 $x00 
220C/01 $aTitelaufnehmer: pg 
220C/01 $aHerkunft: HI Marburg 
244Z/01 $2Trx $#Germania Slavica $#"Germania Slavica" $#Germania Slavica $#Germania Slavica $#Germania Slavica $#Germania Slavica $#Germania Slavica $8--Trx--Germania Slavica $x01 $9391371002 
244Z/01 $2Trx $#arvustused $#recenzijos $#Reviews $#recenziók $#recenzje $#recenzie $#recenze $8--Trx--Rezensionen $x02 $9391357441 
244Z/01 $2Trx $8--Trx--elektronische Ressource $x03 $939138452X 
247C/01 $82080>Marburg/Lahn, Herder-Institut, Forschungsbibliothek, Bibliographieportal $9336309341
LEADER 00000caa a22000002c 4500
001 395151023
003 DE-603
005 20170601182401.0
007 tu
008 161112s2012 xx |||| | u00||u|ger c
035 |a (DE-599)HEB395151023 
040 |a DE-603  |b ger  |c DE-603  |d DE-603 
041 |a ger 
084 |a 6,11  |2 ssgn 
100 1 |a Biermann, Felix  |d 1969-  |0 (DE-603)152974318  |0 (DE-588)121636062  |2 gnd 
245 0 0 |a Starigard, Oldenburg. - Neumünster : Wachholtz [Rezension] 
264 0 |c 2012 
773 0 8 |i In  |t Prähistorische Zeitschrift  |d Berlin ˜[u.a.] œ: de Gruyter, 1909-  |x 0079-4848  |g Band 87, Heft 1 (2012), Seite 208-210  |w (DE-603)047249722  |w (DE-600)200096-9 
787 0 8 |i Rezension von  |t Starigard, Oldenburg  |d Neumünster : Wachholtz  |w (DE-603)02171908X 
856 4 2 |u http://www.degruyter.com/view/j/prhz.2012.87.issue-1/pz-2012-0011/pz-2012-0011.xml?format=INT  |3 zusätzliche Angaben 
924 0 |9 2080  |a (DE-603)791450074  |b DE-2080  |c HES  |d d  |g /